02481nam a22001937a 450000500170000000800410001702000190005804000070007704100120008408200180009610000150011424500300012926000550015930000280021436500610024252019480030365000190225170000170227020220505093817.0220225b ||||| |||| 00| 0 eng d a978-9382126256 cAL aEnglish 223a540bKHAT aO P Khanna aTextbook of Nanochemistry aNew DelhibAstha Publishers and Distributorsc2014 av,280 p.bHBc22x14 cm. aMLSH21CRB336b₹796.00c₹d₹995.00e20%f20-02-2022 aNanochemistry is the combination of chemistry and nanoscience. Nanochemistry is associated with synthesis of building blocks which are dependent on size, surface, shape and defect properties. Nanochemistry is being used in chemical, materials and physical, science as well as engineering, biological and medical applications. Nanochemistry and other nanoscience fields have the same core concepts but the usages of those concepts are different. The nano prefix was given to nanochemistry when scientists observed the odd changes on materials when they were in nano meter scale size. Several chemical modification on nanometer scaled structures, approves effects of being size dependent. Nanochemistry can be characterized by concepts of size, shape, self-assembly, defects and bio-nano; So the synthesis of any new nano-construct is associated with all these concepts. Nano-construct synthesis is dependent on how the surface, size and shape will lead to self-assembly of the building blocks into the functional structures; they probably have functional defects and might be useful for electronic, photonic, medical or bioanalytical problems. Silica, Gold, Polydimethylsiloxane, Cadmium Selenide, Iron Oxide and Carbon are materials that show the transformative power of nanochemistry. Nanochemistry can make the most effective contrast agent of MRI out of iron oxide (rust) which has the ability of detecting cancers and even killing them at their initial stages . Silica (glass) can be used to bend or stop light in its tracks. Developing countries also use silicone to make the circuits for the fluids to attain developed world’s pathogen detection abilities. Carbon has been used in different shapes and forms and it will become a better choice for electronic materials. Overall nanochemistry is not related to the atomic structure of compounds rather its about different ways of transformation of materials into solutions for problems . aNano chemistry aKHANNA (O P)